Most Points For Each Day Of The 2018-19 NBA Regular Season - Statistics

General Stats
  • This quiz has been taken 28 times
  • The average score is 31 of 49
Answer Stats
Team Player Days Led % Correct
Houston Rockets James Harden 27
100%
Golden State Warriors Kevin Durant 8
100%
Golden State Warriors Klay Thompson 4
100%
Golden State Warriors Stephen Curry 10
100%
Philadelphia 76ers Joel Embiid 8
96%
Milwaukee Bucks Giannis Antetokounmpo 6
93%
Toronto Raptors Kawhi Leonard 3
93%
Los Angeles Lakers LeBron James 4
93%
Oklahoma City Thunder Russell Westbrook 3
93%
Atlanta Hawks Trae Young 3
89%
Washington Wizards Bradley Beal 2
86%
Portland Trail Blazers Damian Lillard 9
86%
Phoenix Suns Devin Booker 7
86%
Denver Nuggets Nikola Jokić 1
86%
Oklahoma City Thunder Paul George 16
86%
New Orleans Pelicans Anthony Davis 6
82%
Detroit Pistons Blake Griffin 5
82%
Minnesota Timberwolves Karl-Anthony Towns 4
82%
Boston Celtics Kyrie Irving 2
79%
Chicago Bulls Zach LaVine 2
79%
Philadelphia 76ers Jimmy Butler 1
75%
San Antonio Spurs DeMar DeRozan 3
71%
Charlotte Hornets Kemba Walker 11
71%
Toronto Raptors Pascal Siakam 1
71%
Brooklyn Nets D'Angelo Russell 3
68%
Washington Wizards John Wall 1
68%
Los Angeles Clippers Lou Williams 1
68%
Portland Trail Blazers CJ McCollum 1
64%
Utah Jazz Donovan Mitchell 2
64%
Denver Nuggets Jamal Murray 1
64%
Milwaukee Bucks Khris Middleton 1
61%
New Orleans Pelicans Julius Randle 4
57%
San Antonio Spurs LaMarcus Aldridge 4
57%
Minnesota Timberwolves Derrick Rose 2
54%
Memphis Grizzlies Mike Conley 1
50%
Milwaukee Bucks Sterling Brown 1
50%
New Orleans Pelicans Jrue Holiday 2
46%
Los Angeles Lakers Kyle Kuzma 3
43%
Los Angeles Clippers Tobias Harris 1
43%
Toronto Raptors Serge Ibaka 1
36%
Indiana Pacers Victor Oladipo 1
36%
Phoenix Suns Jamal Crawford 1
29%
Milwaukee Bucks Eric Bledsoe 1
21%
Philadelphia 76ers JJ Redick 1
21%
Brooklyn Nets Spencer Dinwiddie 1
21%
New York Knicks Tim Hardaway Jr. 1
18%
Los Angeles Clippers Danilo Gallinari 1
11%
Memphis Grizzlies Avery Bradley 1
4%
Memphis Grizzlies C.J. Miles 1
4%
No matching quizzes found
Score Distribution
Percent of People with Each Score
Percentile by Number Answered
Your Score History
You have not taken this quiz